[Event "Let's Play Chess!"]
[Site "http://www.queenalice.com/game.php?id=949805"]
[Date "2011.6.14"]
[Round "-"]
[White "tucuman"]
[Black "cruadalach"]
[Result "0-1"]
[WhiteElo "1614"]
[BlackElo "1779"]

1. e4 e5 2. c4 Bc5 3. d3 Nf6 4. h3 O-O 5. a3 c6 6. Nc3 d5 7. cxd5 cxd5 8. Nf3
Qa5 9. Bd2 Qb6 10. Qe2 Nc6 11. Rb1 Qc7 12. g3 Qd7 13. exd5 Nxd5 14. Nxd5 Qxd5
15. Bc3 Bd4 16. Bg2 b6 17. O-O Qc5 18. Bxd4 exd4 19. b4 Qh5 20. Rbe1 Bd7 21. Nh4
Qb5 22. Bxc6 Bxc6 23. Rd1 Qd5 24. f3 Qh5 25. Qf2 Rfd8 26. g4 Qg5 27. Ng2 Rd6 28.
Rde1 Qb5 29. Rd1 Qd5 30. Nf4 Qb3 31. Qh4 Qxa3 32. Qg5 f6 33. Qf5 Qxb4 34. Qh5
Re8 35. Qh4 g5 36. Qg3 gxf4 37. Qxf4 Qc5 38. h4 Rde6 39. g5 fxg5 40. hxg5 Rg6
41. Rf2 Rf8 42. Qh4 Rf5 43. Re1 Rfxg5+ 44. Kf1 Rg1+ 45. Ke2 Qc2# 0-1

[Event "Let's Play Chess!"]
[Site "http://www.queenalice.com/game.php?id=949999"]
[Date "2011.6.15"]
[Round "-"]
[White "Mamonas"]
[Black "cruadalach"]
[Result "1-0"]
[WhiteElo "2063"]
[BlackElo "1762"]

1. d4 d5 2. c4 e6 3. Nc3 Nf6 4. Bg5 Be7 5. e3 O-O 6. Nf3 b6 7. Bd3 c5 8. cxd5
exd5 9. O-O Nc6 10. Qb1 g6 11. dxc5 bxc5 12. Rd1 Rb8 13. Bc4 d4 14. Bh6 Re8 15.
exd4 cxd4 16. Bb5 Bb7 17. Bxc6 Bxc6 18. Nxd4 Qc7 19. Qc1 Qd7 20. Be3 Bb7 21. f3
Rbc8 22. Ndb5 Qf5 23. Bxa7 Ba6 24. Nd6 Bxd6 25. Rxd6 Bb7 26. Bd4 Nd5 27. Qh6 f6
28. Nxd5 Bxd5 29. Rxf6 Qd3 30. Rf8+ Rxf8 31. Qg7# 1-0

[Event "Let's Play Chess!"]
[Site "http://www.queenalice.com/game.php?id=950000"]
[Date "2011.6.15"]
[Round "-"]
[White "cruadalach"]
[Black "Mamonas"]
[Result "0-1"]
[WhiteElo "1751"]
[BlackElo "2098"]

1. e4 e5 2. Nf3 Nc6 3. Bc4 Nf6 4. Nc3 Nxe4 5. Nxe4 d5 6. Bd3 dxe4 7. Bxe4 Bd6 8.
O-O O-O 9. d3 Bg4 10. b3 f6 11. Bb2 Qd7 12. Qd2 Bc5 13. Qc3 Qd6 14. Nh4 Bd4 15.
Qc4+ Be6 16. Ba3 Bxc4 17. Bxd6 cxd6 18. c3 Bxc3 19. Rac1 Bxd3 20. Bxd3 Bd2 21.
Rcd1 Bb4 22. Nf5 d5 23. Be2 Rfd8 24. Rd3 g6 25. Rg3 Kf7 26. Ne3 Nd4 27. Bd1 Rac8
28. f4 e4 29. f5 Bd2 30. fxg6+ hxg6 31. Ng4 Nf5 32. Rh3 Kg7 33. Rf2 Bb4 34. Ne3
Nxe3 35. Rxe3 Rc1 36. Rf1 Bc5 37. Kf2 Ra1 0-1

[Event "Let's Play Chess!"]
[Site "http://www.queenalice.com/game.php?id=973713"]
[Date "2011.8.17"]
[Round "-"]
[White "Publio"]
[Black "cruadalach"]
[Result "0-1"]
[WhiteElo "1822"]
[BlackElo "1857"]

1. e4 e5 2. Nf3 Nc6 3. Bb5 Nf6 4. Bxc6 bxc6 5. Nxe5 Qe7 6. d4 d6 7. Nxc6 Qd7 8.
d5 Nxe4 9. Qe2 Qf5 10. f3 Qxd5 11. Qxe4+ Qxe4+ 12. fxe4 Bb7 13. Nd4 Bxe4 14. O-O
d5 15. Nc3 Bc5 16. Be3 O-O 17. Rac1 Bg6 18. Nxd5 Rad8 19. Nxc7 Bxd4 20. Bxd4
Rxd4 21. c3 Rd2 22. Rf2 Rfd8 23. Rxd2 Rxd2 24. b4 Rxa2 25. c4 Be4 26. Nb5 Rxg2+
27. Kf1 Rxh2 28. Ke1 Rh1+ 29. Kd2 Rxc1 30. Kxc1 g5 31. Nxa7 Kf8 32. c5 Ke8 33.
b5 Kd7 34. Kd2 g4 35. Ke3 g3 36. Ke2 f5 37. c6+ Kc7 38. Ke3 f4+ 39. Kxe4 g2 40.
b6+ Kxb6 41. Nc8+ Kxc6 42. Ne7+ Kd7 43. Nd5 g1=Q 44. Nxf4 Ke7 45. Ke5 Qg5+ 46.
Ke4 Kf6 47. Nd5+ Kf7 48. Kd4 h5 49. Kd3 h4 50. Ne3 h3 51. Nf1 Qb5+ 52. Ke3 Qxf1
0-1

[Event "Let's Play Chess!"]
[Site "http://www.queenalice.com/game.php?id=980271"]
[Date "2011.9.2"]
[Round "-"]
[White "charles31"]
[Black "cruadalach"]
[Result "0-1"]
[WhiteElo "1737"]
[BlackElo "1837"]

1. d4 d5 2. Nc3 Nf6 3. h3 e6 4. Bg5 Bb4 5. Qd3 Nc6 6. Bxf6 Qxf6 7. Nf3 O-O 8. g4
Qf4 9. Bg2 g6 10. e3 Qf6 11. O-O-O Bd7 12. a3 Bd6 13. Kb1 Ne7 14. Qd2 c5 15.
dxc5 Bxc5 16. g5 Qg7 17. h4 b5 18. Nd4 b4 19. axb4 Bxb4 20. Qd3 Qe5 21. f4 Qc7
22. Ncb5 Qb7 23. h5 a6 24. Nc3 Rfc8 25. h6 Bxc3 26. Nb3 Bb4 27. e4 Rc4 28. exd5
Bb5 29. dxe6 Qxg2 30. Qd8+ Be8 31. exf7+ Kxf7 32. Qd3 Rac8 33. c3 Bxc3 34. bxc3
Rxc3 35. Rhg1 Qb7 0-1

[Event "Let's Play Chess!"]
[Site "http://www.queenalice.com/game.php?id=980272"]
[Date "2011.9.2"]
[Round "-"]
[White "cruadalach"]
[Black "charles31"]
[Result "1-0"]
[WhiteElo "1813"]
[BlackElo "1754"]

1. e4 e5 2. Nf3 d6 3. Bc4 h6 4. Nc3 Nf6 5. O-O Qe7 6. Re1 g5 7. d4 exd4 8. e5
dxe5 9. Nxe5 Be6 10. Nxf7 Qxf7 11. Bxe6 Qg7 12. Qxd4 Nc6 13. Qc4 Bd6 14. Bc8+
Kf8 15. Bxb7 Na5 16. Qa6 Nxb7 17. Qxb7 Kf7 18. b3 Rhb8 19. Qc6 Qf8 20. Bb2 Rb6
21. Qc4+ Kg7 22. Nd5 Kg6 23. Nxb6 axb6 24. Re6 Kh7 25. Rxf6 Qe7 26. Rf7+ Qxf7
27. Qxf7# 1-0

[Event "Let's Play Chess!"]
[Site "http://www.queenalice.com/game.php?id=980309"]
[Date "2011.9.2"]
[Round "-"]
[White "cruadalach"]
[Black "pulrich"]
[Result "1-0"]
[WhiteElo "1798"]
[BlackElo "1588"]

1. e4 e5 2. Nf3 f6 3. Bc4 Nc6 4. Nc3 Bc5 5. O-O Nh6 6. d4 exd4 7. Nxd4 Nxd4 8.
Bxh6 g5 9. Qh5+ Ke7 10. Qf7+ Kd6 11. Qd5+ Ke7 12. Qxc5+ d6 13. Qxd4 c5 14. Qd5
Rb8 15. Qf7# 1-0

[Event "Let's Play Chess!"]
[Site "http://www.queenalice.com/game.php?id=998823"]
[Date "2011.10.18"]
[Round "-"]
[White "cruadalach"]
[Black "Andromaca"]
[Result "1-0"]
[WhiteElo "1917"]
[BlackElo "1808"]

1. e4 e5 2. Nf3 d6 3. Bc4 Bg4 4. Nc3 Nf6 5. O-O Nc6 6. b3 Nd4 7. Be2 Bxf3 8.
Bxf3 c5 9. d3 Be7 10. a4 O-O 11. Be3 a6 12. g3 Qa5 13. Bd2 Qd8 14. Bg2 b5 15.
Nd5 b4 16. Nxe7+ Qxe7 17. c3 bxc3 18. Bxc3 Nc6 19. Bd2 a5 20. f4 Rac8 21. Rc1
Nd4 22. Bxa5 g6 23. Bc3 Qb7 24. fxe5 Nxb3 25. Rb1 dxe5 26. Rxb3 Qa7 27. Rxf6 c4+
28. Rbb6 Rb8 29. a5 Rxb6 30. axb6 Qa6 31. dxc4 Qxc4 32. Bxe5 Re8 33. b7 Rxe5 34.
b8=Q+ Re8 35. Qxe8+ Kg7 36. Rc6 Qb5 37. Qd4+ Kh6 38. Qf8+ Kh5 39. Bf3+ Kg5 40.
Qf6# 1-0

[Event "Let's Play Chess!"]
[Site "http://www.queenalice.com/game.php?id=998824"]
[Date "2011.10.18"]
[Round "-"]
[White "Andromaca"]
[Black "cruadalach"]
[Result "0-1"]
[WhiteElo "1777"]
[BlackElo "1880"]

1. e4 e5 2. Nf3 Nc6 3. Nc3 Nf6 4. d3 Bc5 5. Bg5 O-O 6. Nd5 Be7 7. Bxf6 Bxf6 8.
c4 d6 9. Be2 Nd4 10. Nxd4 exd4 11. O-O Be5 12. f4 c6 13. fxe5 cxd5 14. exd6 dxe4
15. c5 Qg5 16. Qc2 Bh3 17. Rf2 e3 18. Bf3 exf2+ 19. Qxf2 Rfe8 20. Qxd4 Re2 21.
Qd5 Qe3+ 22. Kh1 Re1+ 23. Rxe1 Qxe1# 0-1

[Event "Let's Play Chess!"]
[Site "http://www.queenalice.com/game.php?id=1004128"]
[Date "2011.11.2"]
[Round "-"]
[White "Munhoz"]
[Black "cruadalach"]
[Result "0-1"]
[WhiteElo "1843"]
[BlackElo "1898"]

1. e4 e5 2. f4 exf4 3. Bc4 Qh4+ 4. Kf1 Nf6 5. Nc3 Ng4 6. Nh3 Bd6 7. d4 Ne3+ 8.
Bxe3 fxe3 9. Qf3 O-O 10. e5 Bxe5 11. Bxf7+ Rxf7 12. Qxf7+ Kxf7 13. Kg1 Bxd4 14.
Rf1+ Kg8 15. Ne2 b6 16. c3 Be5 17. Nhf4 Bb7 18. h3 c5 19. g3 Qg5 20. Rh2 d5 21.
Ne6 Qe7 22. Rf8+ Qxf8 23. Nxf8 Kxf8 0-1

[Event "Let's Play Chess!"]
[Site "http://www.queenalice.com/game.php?id=1004600"]
[Date "2011.11.4"]
[Round "-"]
[White "cruadalach"]
[Black "picapal"]
[Result "1-0"]
[WhiteElo "1932"]
[BlackElo "1784"]

1. e4 e6 2. d4 d5 3. e5 h6 4. Nf3 Be7 5. Bd3 Nc6 6. Be3 a5 7. c4 a4 8. cxd5 Qxd5
9. Nc3 Qa5 10. O-O a3 11. Bc1 axb2 12. Bxb2 Bd7 13. a4 f5 14. Nb5 Nb4 15. Bc4
Bc6 16. Bxe6 Bd5 17. Bxf5 c6 18. Nd6+ Bxd6 19. exd6 Bxf3 20. Re1+ Kd8 21. Qxf3
Nd5 22. Re8+ Kxe8 23. Bg6+ Kd8 24. Qf8+ Kd7 25. Bf5# 1-0

[Event "AUTO-ADV-2368"]
[Site "http://www.queenalice.com/game.php?id=1018119"]
[Date "2012.1.29"]
[Round "1"]
[White "traub"]
[Black "cruadalach"]
[Result "1-0"]
[WhiteElo "1900"]
[BlackElo "1849"]

1. d4 d5 2. c4 e6 3. Nf3 Nf6 4. e3 Be7 5. Bd3 Nc6 6. O-O O-O 7. Nc3 Nb4 8. cxd5
Nxd3 9. Qxd3 exd5 10. Ne5 Re8 11. h3 b6 12. f4 a5 13. Nc6 Qd7 14. Nxe7+ Qxe7 15.
Bd2 1-0

[Event "AUTO-ADV-2368"]
[Site "http://www.queenalice.com/game.php?id=1018120"]
[Date "2012.1.29"]
[Round "1"]
[White "cruadalach"]
[Black "traub"]
[Result "0-1"]
[WhiteElo "1864"]
[BlackElo "1885"]

1. e4 Nf6 2. e5 Nd5 3. c4 Nb6 4. d4 e6 5. Nc3 Nc6 6. c5 Nd5 7. Nxd5 d6 8. Bg5
Be7 9. Nxe7 Nxe7 10. Nf3 O-O 11. Bd3 h6 12. Bh4 Qd7 13. cxd6 cxd6 14. Bg3 dxe5
0-1

[Event "AUTO-ADV-2368"]
[Site "http://www.queenalice.com/game.php?id=1018131"]
[Date "2012.1.29"]
[Round "1"]
[White "Lopesq"]
[Black "cruadalach"]
[Result "1-0"]
[WhiteElo "1680"]
[BlackElo "1953"]

1. Nf3 Nc6 2. d4 d5 3. c3 e6 4. Bg5 Be7 5. Bxe7 Ngxe7 6. Nbd2 O-O 7. e3 Ng6 8.
Bd3 Qf6 9. Qc2 e5 10. dxe5 Ncxe5 11. Nxe5 Qxe5 12. Nf3 Qh5 13. O-O-O Bg4 14. h3
Bxf3 15. gxf3 Qxf3 16. Kb1 Rad8 17. Bf5 Rd6 18. Bg4 Qf6 19. f4 Qe7 20. Rhe1 1-0

[Event "AUTO-ADV-2368"]
[Site "http://www.queenalice.com/game.php?id=1018132"]
[Date "2012.1.29"]
[Round "1"]
[White "cruadalach"]
[Black "Lopesq"]
[Result "0-1"]
[WhiteElo "1923"]
[BlackElo "1707"]

1. e4 d5 2. exd5 Qxd5 3. Nc3 Qe5+ 4. Be2 c6 5. Nf3 Qc7 6. d4 e6 7. Ne4 Be7 8.
O-O Nd7 9. g3 Ngf6 10. Bf4 Qd8 11. Nd6+ Bxd6 12. Bxd6 Nb6 13. Ba3 Qd5 14. Ne5
Qd8 15. Re1 Nbd5 16. Nc4 b5 17. Nd6+ Kd7 18. Nxf7 Qe8 19. Nxh8 Qxh8 20. c3 a6
0-1

[Event "AUTO-ADV-2368"]
[Site "http://www.queenalice.com/game.php?id=1018139"]
[Date "2012.1.29"]
[Round "1"]
[White "cruadalach"]
[Black "equus"]
[Result "1-0"]
[WhiteElo "1945"]
[BlackElo "1647"]

1. e4 e5 2. Nf3 Nc6 3. Bc4 Nf6 4. Nc3 Bc5 5. O-O d6 6. d3 h6 7. Nd5 Bg4 8. h3
Bh5 9. c3 a6 10. d4 Bxf3 11. Qxf3 exd4 12. Nxf6+ Qxf6 13. Qxf6 gxf6 14. b4 Ba7
15. cxd4 Bxd4 16. Rb1 Ne5 17. Be2 b5 18. Rd1 Bb6 19. Rb3 Rd8 20. Ra3 1-0

[Event "AUTO-ADV-2368"]
[Site "http://www.queenalice.com/game.php?id=1018140"]
[Date "2012.1.29"]
[Round "1"]
[White "equus"]
[Black "cruadalach"]
[Result "0-1"]
[WhiteElo "1620"]
[BlackElo "1950"]

1. Nf3 Nf6 2. c4 Nc6 3. d4 d5 4. Nc3 e6 5. Bg5 Be7 6. a3 O-O 7. e3 b6 8. b4 Bb7
9. Bd3 dxc4 10. Bxc4 h6 11. Bh4 g5 12. Bg3 Nxb4 13. axb4 Bxb4 14. Rc1 Ne4 15.
Qb3 Bxc3+ 16. Rxc3 Nxc3 17. Qxc3 Bxf3 18. gxf3 Qf6 19. f4 c5 0-1